Bumbung satu tiang seribu

Bibliographic Details
Main Author: Amran Abdullah
Format: Book
Series:Siri bacaan Bumi Kenyalang
Subjects:

MARC

LEADER 00000cam a2200000 7i4500
001 0000007021
002 000007558
005 20000330.0
020 |a 9830780139 
090 0 0 |a JF   |b AMR 
100 0 |a Amran Abdullah 
245 1 0 |a Bumbung satu tiang seribu   |c Amran Abdullah 
300 |a 34p. :   |b ill. ;   |c 21cm. 
490 0 |a Siri bacaan Bumi Kenyalang 
650 0 0 |a Adventure stories, Malay 
999 |a 053372   |b BUKU   |c PINJAMAN   |e PERPUSTAKAAN KOMUNITI PETALING JAYA 
999 |a 053373   |b BUKU   |c PINJAMAN   |e PERPUSTAKAAN KOMUNITI PETALING JAYA 
999 |a 053374   |b BUKU   |c PINJAMAN   |e PERPUSTAKAAN KOMUNITI PETALING JAYA 
999 |a 054456   |b BUKU   |c PINJAMAN   |e PERPUSTAKAAN KOMUNITI CAW KOTA DAMANSARA